| 000 | 00678nam a22002057a 4500 | ||
|---|---|---|---|
| 999 |
_c1291 _d1291 |
||
| 003 | AR-CdUCM | ||
| 008 | 190226b ||||| |||| 00| 0 spa d | ||
| 040 |
_aMUNICIPALIDAD PROVINCIAL DEL CUSCO _cBIBLIOTECA MUNICIPAL DEL CUSCO |
||
| 082 |
_a301.161 / _bP16 |
||
| 100 |
_aPagano, Christian _94984 |
||
| 245 | _aHistoria y léxico de la comunicación / | ||
| 260 |
_aLima : _bUniversidad de Lima; _c1988. |
||
| 300 |
_a127 paginas ; _c21 cm. |
||
| 505 | _aPrologo a la edición -- Presentación -- Historia --Léxico. | ||
| 650 |
_aComunicación _94985 |
||
| 650 |
_aGlosarios, vocabularios _94986 |
||
| 650 |
_aHistoria _9136 |
||
| 942 |
_2ddc _cLIBROS |
||
| 945 |
_arum _d2019-02-26 |
||